| 000 | 00965cam a22003255a 4500 | ||
|---|---|---|---|
| 001 | 17136512 | ||
| 003 | OSt | ||
| 005 | 20140310181659.0 | ||
| 008 | 120126s2011 ph a b 000 0 eng | ||
| 010 | _a 2012325025 | ||
| 020 | _a9789719365198 | ||
| 040 |
_aDLC _cDLC _dDLC |
||
| 042 | _alcode | ||
| 043 | _aa-ph--- | ||
| 050 |
_aJF 2051 _b.T917 2011 |
||
| 082 |
_aFIL 342.209599 _b.T917 2011 |
||
| 245 | 0 | 0 |
_a12 years of the party list system _bmaginalizing people's representation _cTuazon, Bobby M. |
| 246 | 3 | _aTwelve years of the party list system | |
| 260 |
_aDiliman, Quezon City, Philippines _bCenPEG Books _cc2011 |
||
| 300 |
_axiv, 315 p. _c22 cm. |
||
| 504 | _aIncludes bibliographical references. | ||
| 521 | _aCollege | ||
| 526 | _c1210L-1700L | ||
| 541 | _j1 | ||
| 562 | _e1 | ||
| 700 | 1 | _aTuazon, Bobby M. | |
| 906 |
_a7 _bpar _corigode _d3 _encip _f20 _gy-gencatlg |
||
| 942 |
_2lcc _cBK-FIL _kFIL |
||
| 999 |
_c1161 _d1161 |
||